000 00355nam a2200157Ia 4500
008 230711s9999||||xx |||||||||||||| ||und||
041 _aENG
082 _a720
_bBI-M
100 _aBirch,Beverly
245 0 _aMarie curie
250 _a1st Ed.
260 _c1995
_aNew Delhi
_bOrient Longman Pvt.Ltd
300 _a64
650 _aLiterature
942 _cBK
999 _c3401
_d3401